भारत में सेवा क्षेत्र / (Record no. 20496)

MARC details
000 -LEADER
fixed length control field 01736nam a22002777a 4500
005 - DATE AND TIME OF LATEST TRANSACTION
control field 2009010202022.0
008 - FIXED-LENGTH DATA ELEMENTS--GENERAL INFORMATION
fixed length control field 090102t xxu||||| |||| 00| 0 hind
010 ## - LCCN (DPL NO)
LC control number HIN-85775
020 ## - INTERNATIONAL STANDARD BOOK NUMBER
International Standard Book Number 9788184350197
Terms of availability 495.00
035 ## - SYSTEM CONTROL NUMBER
System control number HN-58121
037 ## - SOURCE OF ACQUISITION
Source of stock number/acquisition DBAD / PUB
040 ## - CATALOGING SOURCE
Original cataloging agency DPL
Language of cataloging HN
082 ## - DEWEY DECIMAL CLASSIFICATION NUMBER
Classification number 338.7610954
245 ## - TITLE STATEMENT
Title भारत में सेवा क्षेत्र /
Statement of responsibility, etc श्याम मोहन द्विवेदी, एच. एन. मिश्रा तथा शैलेष कुमार जैन द्वारा संपादित
246 ## - VARYING FORM OF TITLE
Title proper/short title Bhaarata men sevaa kshetra
Remainder of title edited by Shyam Mohan Diwedi, H. N. Mishra and Shailesh Kumar Jain
260 ## - PUBLICATION, DISTRIBUTION, ETC. (IMPRINT)
Place of publication, distribution, etc नई दिल्ली
Name of publisher, distributor, etc अध्ययन पब्लिशर्स एण्ड डिस्ट्रीब्यूटर्स
Date of publication, distribution, etc 2007
270 ## - ADDRESS
Address 4378/4B, 105, जे. एम. डी हाउस, मुरारी लाल स्ट्रीट, अंसारी रोड, दरियागंज
City नई दिल्ली
Postal code 110 002
Telephone number 011-23263018, 011-23277156
Fax number 011-23280028
Electronic mail address adhyayanpublishers@yahoo.com
300 ## - PHYSICAL DESCRIPTION
Extent 238पृ.
Dimensions 22 सेमी(सजिल्द)
650 ## - SUBJECT ADDED ENTRY--TOPICAL TERM
Topical term or geographic name as entry element सेवा उद्योग
Geographic subdivision भारत
650 ## - SUBJECT ADDED ENTRY--TOPICAL TERM
Topical term or geographic name as entry element Service industries
Geographic subdivision India
700 ## - ADDED ENTRY--PERSONAL NAME
Personal name द्विवेदी, श्याम मोहन
700 ## - ADDED ENTRY--PERSONAL NAME
Personal name मिश्रा, एच.एन.
700 ## - ADDED ENTRY--PERSONAL NAME
Personal name जैन, शैलेष कुमार
942 ## - ADDED ENTRY ELEMENTS (KOHA)
Source of classification or shelving scheme Dewey Decimal Classification
Item type Hindi Books
Call number suffix भारत
Classification part 338.7610954
Holdings
Withdrawn status Lost status Source of classification or shelving scheme Damaged status Not for loan Home library Current library Date acquired Source of acquisition Cost, normal purchase price Total Checkouts Full call number Barcode Date last seen Copy number Cost, replacement price Koha item type
    Dewey Decimal Classification   Not For Loan D.B.Act.Division D.B.Act.Division 19/01/2009 DBAD / PUB 495.00   338.7610954 भारत HN-58121 02/01/2009 1 495.00 Hindi Books

© Delhi Public Library
Hit Counter
free hit counter